Footballers who won Golden Boy - Statistics

General Stats
  • This quiz has been taken 44 times
  • The average score is 4 of 17
Answers on the Grid
Answers color-coded by a green-red scale on the quiz's grid according to % correct below.
Matthijs de Ligt
Jadon Sancho
João Félix
Cristiano Ronaldo
Jude Bellingham
Jamal Musiala
Gavi
Arda Güler
Kobbie Mainoo
Désiré Doué
Kylian Mbappé
Neymar
Jack Wilshere
Theo Walcott
Dele Alli
Erling Haaland
Alexandre Pato
Paul Pogba
Phil Foden
Danny Welbeck
Raheem Sterling
Bukayo Saka
Ansu Fati
Lamine Yamal
Eduardo Camavinga
Martin Ødegaard
Rafael van der Vaart
Bojan Krkić
Isco
Sergio Agüero
Javier Hernandez
Anderson
Joshua Kimmich
Alphonso Davies
Sadio Mané
Giovani dos Santos
Callum Hudson-Odoi
Marcus Rashford
Renato Sanches
Anthony Martial
 
Answer Stats
Answer % Correct
Matthijs de Ligt
63%
João Félix
58%
Jude Bellingham
38%
Gavi
33%
Kylian Mbappé
33%
Lamine Yamal
25%
Anthony Martial
17%
Rafael van der Vaart
17%
Renato Sanches
17%
Anderson
13%
Erling Haaland
13%
Sergio Agüero
13%
Alexandre Pato
8%
Isco
8%
Paul Pogba
8%
Raheem Sterling
8%
Javier Hernandez
0%
No matching quizzes found
Score Distribution
Percent of People with Each Score
Percentile by Number Answered
Your Score History
You have not taken this quiz